000 01093nam a2200205Ii 4500
003 JO-AjNU
008 230605s9999||||xx |||||||||||||| ||und||
017 _a2010/21814
040 _aJO-AjNU
_bara
_erda
_cJO-AjNU
041 _aara
050 1 4 _aHD5812.3.2011
100 3 _aالمنظمة العربية للتنمية الإدارية / جامعة دلمون للعلوم والتكنولوجيا ,
_eauthor
_934455
245 0 0 _aمخرجات التعليم العالي وسوق العمل في الدول العربية
264 3 1 _aالقاهرة:المنظمة العربية للتنمية الادارية،2011
300 _a575ص
_b بحوث و اوراق عمل ملتقى مخرجات التعليم العالي و سوق العمل في الدول العربية : الاستراتيجيات - السياسات - الآليات 2010 البحرين
336 _atext
_btxt
_2rdacontent
337 _aunmediated
_bn
_2rdamedia
338 _avolume
_bnc
_2rdacarrier
650 4 _aالتعليم العالي-سوق العمل -- العالم عربي -- مؤتمرات
_934456
999 _aA14130
_c17698
_d17698